000 00530nam a2200181Ia 4500
005 20250508162611.0
008 008 250505s9999 xx 000 0 eng d
037 _aTextual
040 _aFEDL
_beng
_cFEDL
041 _aeng
_2eng
084 _a404.2, GRO
_qFEDL
100 _aGrosjean Francois
_966463
245 0 _aLife with two languages: An introduction to bilingualism
260 _aCambridge
_bHarvard University Press
_c1982
300 _a370p
942 _cTEXL
_h404.2, GRO
999 _c1377570
_d1377570